000 00983nam a22003377a 4500
001 BR8303826
003 BR-BrBNA
005 20230928091713.0
007 ta
008 230509b bl.||||| |||| 00| 0 por d
040 _aBR-BrBNA
_bpor
_cBiblioteca Nacional de Agricultura
041 _a(Eng)
072 _aM20
_b/G514
_b/GZ62
090 _ M20 BR8303826
100 1 _aMesquita, A.R. de
100 1 _aHarari, J.
110 1 _aUniversidade de Sao Paulo, Sao Paulo (Brasil). Inst. Oceanografico
_910550
245 1 _aTides and tide gauges of Cananeia and Ubatuba - Brazil (Lat. 240 graus)[Sao Paulo, Brasil]
_bn. 11
260 3 _aSao Paulo, SP (Brasil):
_c1983.
300 _a14 p.
500 _a7 tables; 6 graphs; 12 ref.; Summary (Eng)
650 _aOCEANOGRAFIA
650 _aMAR
650 _aVARIACAO SAZONAL
650 _aLITORAL
650 _aCANANEIA
650 _aUBATUBA
650 _aSAO PAULO
909 _a202309
_bLucia
_c55
_dLucia Elande
942 _cBK
999 _c35092
_d35092